<?xml version="1.0" encoding="UTF-8"?>
<record
    xmlns:xsi="http://www.w3.org/2001/XMLSchema-instance"
    xsi:schemaLocation="http://www.loc.gov/MARC21/slim http://www.loc.gov/standards/marcxml/schema/MARC21slim.xsd"
    xmlns="http://www.loc.gov/MARC21/slim">

  <leader>00727nam a22001817a 4500</leader>
  <controlfield tag="003">UA-OsUOA</controlfield>
  <controlfield tag="001"> 18258 </controlfield>
  <controlfield tag="007">ta</controlfield>
  <controlfield tag="008">20040426b un ||||| |||| 00| 0 ukr d</controlfield>
  <datafield tag="100" ind1=" " ind2=" ">
    <subfield code="a">&#x41F;&#x43E;&#x433;&#x43E;&#x43D;&#x441;&#x44C;&#x43A;&#x430; &#x412;.</subfield>
  </datafield>
  <datafield tag="942" ind1=" " ind2=" ">
    <subfield code="c">SA</subfield>
  </datafield>
  <datafield tag="040" ind1=" " ind2=" ">
    <subfield code="a">UA-OsUOA</subfield>
    <subfield code="c">UA-OsUOA</subfield>
    <subfield code="d">UA-OsUOA</subfield>
  </datafield>
  <datafield tag="245" ind1=" " ind2=" ">
    <subfield code="a">&#x41F;&#x440;&#x43E;&#x431;&#x43B;&#x435;&#x43C;&#x438; &#x43F;&#x440;&#x43E;&#x43C;&#x438;&#x441;&#x43B;&#x43E;&#x432;&#x43E;&#x441;&#x442;&#x456; &#x456; &#x43A;&#x430;&#x434;&#x440;&#x456;&#x432; &#x432;&#x438;&#x440;&#x456;&#x448;&#x443;&#x432;&#x430;&#x442;&#x438;&#x43C;&#x443;&#x442;&#x44C; &#x443; &#x43A;&#x43E;&#x43C;&#x43F;&#x43B;&#x435;&#x43A;&#x441;&#x456;: &#x422;&#x430;&#x43A;&#x435; &#x437;&#x430;&#x432;&#x434;&#x430;&#x43D;&#x43D;&#x44F; &#x431;&#x443;&#x43B;&#x43E; &#x43F;&#x43E;&#x441;&#x442;&#x430;&#x432;&#x43B;&#x435;&#x43D;&#x43E; &#x43D;&#x430; &#x43D;&#x430;&#x440;&#x430;&#x434;&#x456;-&#x441;&#x435;&#x43C;&#x456;&#x43D;&#x430;&#x440;&#x456; &#x437; &#x43A;&#x435;&#x440;&#x456;&#x432;&#x43D;&#x438;&#x43A;&#x430;&#x43C;&#x438; &#x43F;&#x440;&#x43E;&#x43C;. &#x43F;&#x456;&#x434;&#x43F;&#x440;&#x438;&#x454;&#x43C;&#x441;&#x442;&#x432;[ &#x43C;.&#x420;&#x456;&#x432;&#x43D;&#x435;]</subfield>
  </datafield>
  <datafield tag="300" ind1=" " ind2=" ">
    <subfield code="a">&#x421;.3</subfield>
  </datafield>
  <datafield tag="955" ind1=" " ind2=" ">
    <subfield code="a">0</subfield>
  </datafield>
  <datafield tag="773" ind1="0" ind2=" ">
    <subfield code="w">0</subfield>
    <subfield code="t">&#x421;&#x456;&#x43C; &#x434;&#x43D;&#x456;&#x432;</subfield>
    <subfield code="d">&#x420;&#x456;&#x432;&#x43D;&#x435;</subfield>
    <subfield code="d">2004</subfield>
    <subfield code="g">&#x2116;16/ 16 &#x43A;&#x432;&#x456;&#x442;./</subfield>
  </datafield>
  <datafield tag="650" ind1=" " ind2="7">
    <subfield code="a">&#x41A;&#x440;&#x430;&#x454;&#x437;&#x43D;&#x430;&#x432;&#x447;&#x430; &#x440;&#x43E;&#x431;&#x43E;&#x442;&#x430;</subfield>
    <subfield code="2">UDC</subfield>
  </datafield>
  <datafield tag="999" ind1=" " ind2=" ">
    <subfield code="c">304429</subfield>
    <subfield code="d">304429</subfield>
  </datafield>
</record>
